000 00912nam a2200205 i 4500
001 37816
003 ES-MaACL
005 20230906155640.0
007 t|
008 030221s1911 fr ||||1| fre d
100 1 _aBuzzati, G.-C.
_933003
245 1 3 _aLe droit international privé, d'aprés les conventions de La Haye. I. Le mariage, d'après les conventions du 12 de juin 1902 /
_cG.-C. Buzzati ; traduction française du texte italien revisé et corrigé par l'auteur, par Francis Rey.
260 _aParis :
_bL. Larose et L. Tenin,
_c1911 (
_eMayenne :
_fCharles Colin)
300 _aXIV, 507 p. ;
_c23 cm.
490 1 _aBibliothèque étrangère de droit privé / sous la direction de A. de Lapradelle
700 1 _aRey, Francis.
_996493
830 0 _aBibliothèque étrangère de droit privé / sous la direction de A. de Lapradelle
_9229656
852 _aES-MaACL
_jF-9218
999 _c37816
_d37816